00566nmm a2200169Ia 4500008004100000020001800041041000800059100003000067245008600097264006900183300001800252490002200270650002900292856005100321942000700372999001700379251105s9999||||xx |||||||||||||||||und|| a9788415770442 aspa aPeiró Martín, Ignacio 0aHistoriadores en España :b Historia de la Historia y memoria de la profesión a[Madrid, España] :bPrensas Universitarias de Zaragoza, c2013 a412 páginas aCiencias sociales aHistory of Europe: Spain uhttps://public.digitaliapublishing.com/a/42798 cCF c77045d77045